000 01342cam a2200313 i 4500
001 18067098
003 PILC
005 20150304142857.0
008 140313s2014 mou a bf 001 0 eng
010 _a 2013372078
020 _a9780323083836 (pbk)
040 _aDLC
_beng
_erda
_cDLC
_dDLC
042 _apcc
050 0 0 _aRT 51
_b.P365 2014
082 0 0 _a610.73
100 1 _aPerry, Anne Griffin.
245 1 0 _aClinical nursing skills & techniques.
250 _a8th edition /
_bAnne Griffin Perry, RN, MSN, EdD, FAAN, Associate Dean and Professor, School of Nursing, Southern Illinois University--Edwardsville, Edwardsville, Illinois, Patricia A. Potter, RN, MSN, PhD, FAAN, Director of Research, Patient Care Services, Barnes-Jewish Hospital, St. Louis, Missouri, Wendy R. Ostendorf, RN, MS, EdD, CNE, Associate Professor of Nursing, Neuman University, Aston, Pennsylvania.
260 _aSt. Louis, Missouri :
_bElsevier,
_c2014.
300 _axviii, 616 pages :
_billustrations ;
_c26 cm.
504 _aIncludes bibliographical references and index.
521 _aNursing
650 0 _aNursing
_vHandbooks, manuals, etc.
700 1 _aPotter, Patricia Ann.
700 1 _aOstendorf, Wendy.
906 _a7
_bcbc
_corignew
_d2
_encip
_f20
_gy-gencatlg
942 _2lcc
_cBK
999 _c283717
_d283717